000 00952nam a22002657a 4500
008 161004b xxu||||| |||| 00| 0 eng d
020 _a0939765926
050 _aQA 39.2 .C663 1997
100 _aCoxford, Arthur F.
245 _aContemporary Mathematics in Context:
_ba unified approach/
_cArthur F. Coxford, James T. Fey, Christian R. Hirsch, Harold L. Schoen, Gail Burrill, Eric W. Hart, Ann E. Watkins, Mary Jo Messenger and Beth Ritsema
260 _aDedham, Massachusetts:
_bJanson Publications, Inc.,
_c1997
300 _axv, 328p. :
_bill. ;
440 _n2
_pPart 1
500 _aIncludes index.
650 _aMathematics
700 _aFey, James T.
700 _aHirsch, Christian R.
700 _aSchoen, Harold L.
700 _aBurrill, Gail
700 _aHart, Eric W.
700 _aWatkins, Ann E.
700 _aMessenger, Mary Jo
700 _aRitsema, Beth
942 _2lcc
_cBOOKS
_hQA 39.2 .C663 1997
999 _c14582
_d14582